000 00538nam a2200193Ia 4500
005 20250508150134.0
008 008 250505s9999 xx 000 0 eng d
037 _aTextual
040 _aFEDL
_beng
_cFEDL
041 _aeng
_2eng
084 _a157, THO
_qFEDL
100 _aThornton Nathaniel
_9755798
245 0 _aProblems in abnormal behaviour
260 _aPhiladelphia
_bThe Blakiston Company
_c1946
300 _ax,244p
650 _aAbnormal psychology
942 _cTEXL
_h157, THO
999 _c1321956
_d1321956